000 00912nam a2200241 a 4500
001 000027173
005 20240305085225.0
008 110330s1985 dr a r 000 0bspa d
040 _aDO-SdBNP
_bspa
_cBNPHU
082 _a922.22
_bC796B
100 1 _aBarinas Coiscou, Sócrates,
_d1916-2021
_924379
245 1 0 _aFray Pedro de Córdoba :
_bprimer santo olvidado del nuevo mundo /
_cSócrates Barinas Coiscou.
260 _aSanto Domingo :
_bImpresos de Calidad,
_c1985.
300 _a127 p. :
_bil. ;
_c21 cm.
500 _aIncluye índice onomástico
504 _aBibliografía: p. 121-122
590 _aInventariado, 2019/MFF
600 1 4 _aCÓRDOBA, PEDRO DE,
_d1482-1521
_954238
650 4 _aMisioneros españoles
_vBIOGRAFÍAS
_954239
650 4 _aMisioneros
_zRepública Dominicana
_vBIOGRAFÍAS
_954240
651 4 _aRepública Dominicana
_vBIOGRAFÍAS
_91083
910 _aValidado. Control de calidad MFF
999 _c26665
_d26665